000 01795cam a2200337 a 4500
001 4470389
005 20080505143015.0
008 960401s1996 cou b 001 0 eng
010 _a 96016463
020 _a0813324297 (alk. paper)
020 _a0813324300 (pbk. : alk. paper)
040 _aDLC
_cDLC
_dDLC
043 _aa------
_af------
050 0 0 _aBP60
_b.I82 1996
082 0 0 _a322.109176
_220
_bISL
245 0 0 _aIslamic fundamentalism /
_cedited by Abdel Salam Sidahmed, Anoushiravan Ehteshami.
260 _aBoulder, Colo. :
_bWestview Press,
_c1996.
300 _axiv, 284 p. ;
_c24 cm.
504 _aIncludes bibliographical references and index.
650 0 _aIslamic fundamentalism.
651 0 _aIslamic countries
_xPolitics and government.
700 1 _aSidahmed, Abdel Salam.
700 1 _aEhteshami, Anoushiravan.
856 4 2 _3Contributor biographical information
_uhttp://www.loc.gov/catdir/enhancements/fy0833/96016463-b.html
856 4 2 _3Publisher description
_uhttp://www.loc.gov/catdir/enhancements/fy0833/96016463-d.html
942 _2ddc
_cBB
999 _c11002
_d11002